000 00831nam a2200253Ia 4500
003 OSt
005 20251127152625.0
008 220923b |||||||| |||| 00| 0 eng d
020 _a0415182794
037 _cGeneral Book
040 _aRTL
_cRTL
_beng
041 _2eng
_aeng
084 _aY:3(Q:4192), N8
_qRTL
245 0 _aRecasting ritual: performance, media, identity
_b
260 _aLondon
_bRoutledge
_c1998
300 _aviii, 168 p.
_bIncludes bibliographical references and index.
490 _aEuropean Association of Social Anthropologists
500 _aBibliography chapterwise
650 _aRituals
_9289566
700 _aHughes-Freeland Flicia
_9289567
_eEditor
700 _a Crain Mary M.
_eEditor
_9853286
942 _hY:3(Q:4192), N8
_cGB
_2CC
_n0
999 _c579445
_d579445